| 000 | 01015nam a2200229 i 4500 | ||
|---|---|---|---|
| 001 | 89009 | ||
| 003 | ES-MaACL | ||
| 005 | 20230906180030.0 | ||
| 007 | t| | ||
| 008 | 050124s1848 sp ||||1| spa d | ||
| 080 | _a008(4:460=411.21) | ||
| 100 | 1 |
_aOjero de la Cruz, Enrique. _986619 |
|
| 245 | 1 | 0 | _aDiscurso pronunciado por D. Enrique Ojero de la Cruz en la Sección de Literatura del Ateneo de esta corte para probar que a las ciencias arábigo-españolas se debe la restauración de las ciencias en Europa. |
| 260 |
_aMadrid : _b[s.n.], _c1848 ( _fImprenta de D. Vicente de Lalama) |
||
| 300 |
_a22 p. ; _c20 cm. |
||
| 610 | 2 |
_aAteneo de Madrid- _vConferencias- _yS.XIX. _91910 |
|
| 610 | 2 |
_aAteneo de Madrid- _vObras digitalizadas. _91930 |
|
| 651 | 4 |
_aEuropa- _xCivilización- _xInfluencia andalusí. _98586 |
|
| 710 | 2 |
_aAteneo de Madrid. _bSección de Literatura. _91997 |
|
| 852 |
_aES-MaACL _jT-6-F-11 |
||
| 856 | 4 |
_uhttp://www.ateneodemadrid.com/biblioteca_digital/folletos/Discursos-020.pdf _zVer documento |
|
| 999 |
_c89009 _d89009 |
||